000
00204 a2200097 4500
001
47452
100
_a
Sxrine C
245
_a
World war in Iran
260
_a
London
_b
Constable
_c
090
_c
30478
_d
30478
942
_a
NUST-CAE
_c
M
_c
22756
999
_c
282525
_d
282525